[Event "25. Copenhagen Open  (Politiken Cup)"]
[Site "Copenhagen"]
[Date "2003.07.23"]
[Round "9"]
[White "Christensen, Stefan"]
[Black "Bjerke, Silje"]
[Result "1-0"]
[WhiteElo "2221"]
[BlackElo "2093"]
[PlyCount "107"]
[EventDate "2003.07.14"]
[EventType "swiss"]
[EventRounds "11"]
[EventCountry "DEN"]
[SourceDate "2004.01.01"]

1. e4 e6 2. d4 d5 3. Nc3 Nf6 4. Bg5 dxe4 5. Nxe4 Be7 6. Bxf6 gxf6 7. Nf3 a6 8.
c4 f5 9. Nc3 Bf6 10. Be2 c5 11. dxc5 Qa5 12. O-O Qxc5 13. Qd2 Bd7 14. Rfd1 Qe7
15. Re1 O-O 16. Bf1 Nc6 17. Nd5 exd5 18. Rxe7 Nxe7 19. cxd5 Rad8 20. d6 Ng6 21.
h4 Bc6 22. h5 Bxf3 23. hxg6 Be4 24. gxf7+ Kxf7 25. Rd1 Kg7 26. Qf4 Rfe8 27. f3
Bc6 28. Qxf5 Re5 29. Qf4 Rg5 30. b3 h6 31. Bc4 Rd7 32. Qe3 Re5 33. Qf4 b5 34.
Bf1 Rg5 35. Qe3 Rf7 36. Be2 Re5 37. Qc1 Bd7 38. Qc2 Bg5 39. Qc3 Bf6 40. Qc2 Bg5
41. g3 Re3 42. Rd3 Bf5 43. Qc3+ Bf6 44. Rxe3 Bxc3 45. Rxc3 Bd7 46. Rc7 Kf6 47.
f4 a5 48. Kf2 Rg7 49. Ra7 a4 50. b4 Bc6 51. Rxg7 Kxg7 52. Ke3 Kf6 53. Kd4 Ke6
54. Kc5 1-0

[Event "25. Copenhagen Open  (Politiken Cup)"]
[Site "Copenhagen"]
[Date "2003.07.23"]
[Round "9"]
[White "Christensen, Tobias"]
[Black "Byklum, Bjornar"]
[Result "1/2-1/2"]
[WhiteElo "2371"]
[BlackElo "2214"]
[PlyCount "83"]
[EventDate "2003.07.14"]
[EventType "swiss"]
[EventRounds "11"]
[EventCountry "DEN"]
[SourceDate "2004.01.01"]

1. c4 c5 2. Nc3 Nf6 3. g3 Nc6 4. Bg2 e6 5. Nf3 Be7 6. d4 d5 7. cxd5 Nxd5 8. O-O
O-O 9. e4 Ndb4 10. a3 cxd4 11. Nb5 Qb6 12. Nbxd4 Nxd4 13. Qxd4 Qxd4 14. Nxd4
Rd8 15. Be3 e5 16. Nf5 Bxf5 17. exf5 Nc2 18. Rad1 Nxe3 19. fxe3 Rxd1 20. Rxd1
Rd8 21. Rxd8+ Bxd8 22. Bxb7 Kf8 23. Kf2 Ke7 24. Kf3 Kd6 25. Ke4 f6 26. Ba6 Kc5
27. b4+ Kb6 28. Bc4 Kc6 29. Bg8 h6 30. Kd3 Bb6 31. a4 a5 32. bxa5 Bxa5 33. Kc4
Bd2 34. e4 Be3 35. a5 Bg1 36. Bd5+ Kc7 37. h3 h5 38. a6 Kb6 39. Bb7 Bf2 40. g4
hxg4 41. hxg4 Be3 42. Kd5 1/2-1/2

[Event "25. Copenhagen Open  (Politiken Cup)"]
[Site "Copenhagen"]
[Date "2003.07.23"]
[Round "9"]
[White "Christoffersen, Ebbe"]
[Black "Nielsen, Jens Holm"]
[Result "0-1"]
[WhiteElo "1737"]
[BlackElo "2102"]
[PlyCount "182"]
[EventDate "2003.07.14"]
[EventType "swiss"]
[EventRounds "11"]
[EventCountry "DEN"]
[SourceDate "2004.01.01"]

1. e4 Nc6 2. Nf3 d6 3. Bc4 Nf6 4. Nc3 Bg4 5. h3 Bh5 6. g4 Bg6 7. d3 e6 8. Be3
Be7 9. Nd2 e5 10. f4 exf4 11. Bxf4 Nd7 12. Nf3 Bh4+ 13. Kd2 Nde5 14. Bb5 Nxf3+
15. Qxf3 a6 16. Bxc6+ bxc6 17. Raf1 h6 18. Kd1 Qd7 19. Bg3 Bf6 20. Re1 Bxc3 21.
bxc3 O-O 22. Kd2 Rab8 23. Rb1 Rb5 24. Rb3 Ra5 25. a3 c5 26. c4 c6 27. Qf4 d5
28. Qc7 Qxc7 29. Bxc7 dxc4 30. Bxa5 cxb3 31. cxb3 Rb8 32. Kc3 f6 33. Bc7 Rb7
34. Bd6 Bf7 35. Rb1 h5 36. gxh5 c4 37. dxc4 Bxh5 38. Rf1 Kf7 39. c5 Ke6 40. b4
g5 41. Rf2 Bg6 42. Kd4 Rh7 43. Rf3 Rh4 44. Re3 f5 45. Bg3 Rxh3 46. exf5+ Kxf5
47. Bd6 Rh4+ 48. Kd3 Kf6+ 49. Ke2 Be4 50. Kf2 Kf5 51. Kg3 Rh1 52. Kf2 g4 53.
Re1 Rh7 54. Re3 Rb7 55. Ke1 a5 56. bxa5 Ra7 57. Kf2 Rxa5 58. Ke1 Ra4 59. Kf2
Rc4 60. Kf1 Ke6 61. Kf2 Kd5 62. Kg3 Bf3 63. Kf2 Kd4 64. Rb3 Rc2+ 65. Kf1 Bd5
66. Rg3 Bf3 67. Bf8 Ra2 68. Rg1 Ke3 69. Bh6+ Kd3 70. Bf8 Re2 71. Bd6 Kc4 72.
Rg3 Kb3 73. Rg1 Kxa3 74. Rg3 Kb4 75. Rg1 Kc4 76. Rg3 Kd5 77. Rg1 Rc2 78. Bf8
Rxc5 79. Bxc5 Kxc5 80. Ke1 Kd4 81. Kd2 Ke4 82. Re1+ Kf4 83. Re8 g3 84. Rf8+ Ke4
85. Re8+ Kd4 86. Rd8+ Bd5 87. Rd7 c5 88. Rg7 g2 89. Rg4+ Be4 90. Rg8 c4 91.
Rd8+ Bd5 0-1

[Event "25. Copenhagen Open  (Politiken Cup)"]
[Site "Copenhagen"]
[Date "2003.07.23"]
[Round "9"]
[White "Dalso, Harry"]
[Black "Jensen, Sren G"]
[Result "1/2-1/2"]
[WhiteElo "1802"]
[BlackElo "2123"]
[PlyCount "115"]
[EventDate "2003.07.14"]
[EventType "swiss"]
[EventRounds "11"]
[EventCountry "DEN"]
[SourceDate "2004.01.01"]

1. e4 c6 2. Nc3 d5 3. Nf3 dxe4 4. Nxe4 Nf6 5. Nxf6+ gxf6 6. b3 Bg4 7. Bb2 Nd7
8. Be2 Qc7 9. Ng5 Bf5 10. Bf3 Qf4 11. h4 Ne5 12. g3 Nxf3+ 13. Nxf3 Qe4+ 14. Qe2
Qxc2 15. Bxf6 Rg8 16. Nd4 Qe4 17. f3 Qxe2+ 18. Kxe2 Bd7 19. Be5 f6 20. Bc7 Rc8
21. Ba5 e5 22. Nc2 Rxg3 23. Kf2 Rh3 24. Rxh3 Bxh3 25. Re1 Kf7 26. Bc3 Bc5+ 27.
Ne3 Rg8 28. Ke2 Be6 29. Rf1 Rg3 30. Rh1 Bd5 31. Rh2 Bxe3 32. dxe3 Rxf3 33. Rf2
Rxf2+ 34. Kxf2 Ke6 35. Bb4 b6 36. Bf8 b5 37. Ke2 Be4 38. a3 Bc2 39. b4 Kd5 40.
Kd2 Bb1 41. Kc3 Ke4 42. Bg7 f5 43. Kd2 Ba2 44. Bf8 Bc4 45. Bc5 a6 46. Bd6 h5
47. Bc7 Bd5 48. Bd6 f4 49. exf4 exf4 50. Bc5 Kf3 51. Ke1 Bc4 52. Bf2 Kg4 53.
Kd2 Kf3 54. Ke1 Kg4 55. Kd2 Kh3 56. Ke1 Kg2 57. Bb6 Kf3 58. Bf2 1/2-1/2

[Event "25. Copenhagen Open  (Politiken Cup)"]
[Site "Copenhagen"]
[Date "2003.07.23"]
[Round "9"]
[White "De Firmian, Nick E"]
[Black "Speelman, Jonathan S"]
[Result "1/2-1/2"]
[WhiteElo "2553"]
[BlackElo "2589"]
[PlyCount "49"]
[EventDate "2003.07.14"]
[EventType "swiss"]
[EventRounds "11"]
[EventCountry "DEN"]
[SourceDate "2004.01.01"]

1. e4 c6 2. d4 d5 3. Nc3 dxe4 4. Nxe4 Nd7 5. Bd3 Ndf6 6. Ng5 Bg4 7. N1f3 Bh5 8.
h3 h6 9. g4 hxg5 10. gxh5 Rxh5 11. Bxg5 Rxg5 12. Nxg5 Qxd4 13. Qd2 Qe5+ 14. Qe3
Qxe3+ 15. fxe3 e6 16. Ke2 Nd7 17. Raf1 Ne5 18. Rxf7 Nxf7 19. Bg6 Ngh6 20. Rf1
Be7 21. Nxf7 Kd7 22. Rd1+ Kc7 23. Nxh6 gxh6 24. Bf7 Bg5 25. e4 1/2-1/2

[Event "25. Copenhagen Open  (Politiken Cup)"]
[Site "Copenhagen"]
[Date "2003.07.23"]
[Round "9"]
[White "Draeger, Michael"]
[Black "Nielsen, Michael B"]
[Result "1-0"]
[WhiteElo "1702"]
[BlackElo "1327"]
[PlyCount "61"]
[EventDate "2003.07.14"]
[EventType "swiss"]
[EventRounds "11"]
[EventCountry "DEN"]
[SourceDate "2004.01.01"]

1. e4 d5 2. exd5 Qxd5 3. Nc3 Qa5 4. d4 Nf6 5. Bc4 Bf5 6. Nge2 e6 7. O-O c6 8.
Bd2 Qd8 9. Re1 Bd6 10. Bf4 O-O 11. Bb3 Bxf4 12. Nxf4 Qd6 13. g3 Nbd7 14. Ng2
Nb6 15. Ne3 Bg6 16. Ne2 Rfd8 17. c4 c5 18. dxc5 Qxc5 19. Qc1 Rd7 20. Nf4 Be4
21. Bd1 Rad8 22. Be2 e5 23. Nfg2 Bxg2 24. Kxg2 Ne4 25. Qc2 Nd2 26. Rad1 Qc6+
27. f3 Rd4 28. b3 Rd3 29. Nf5 Kf8 30. Rf1 Nd5 31. Bxd3 1-0

[Event "25. Copenhagen Open  (Politiken Cup)"]
[Site "Copenhagen"]
[Date "2003.07.23"]
[Round "9"]
[White "Eddy, Samuel"]
[Black "Flindt, Thomas"]
[Result "1-0"]
[WhiteElo "2055"]
[BlackElo "2134"]
[PlyCount "94"]
[EventDate "2003.07.14"]
[EventType "swiss"]
[EventRounds "11"]
[EventCountry "DEN"]
[SourceDate "2004.01.01"]

1. Nf3 Nc6 2. g3 e5 3. d3 Bc5 4. Bg2 Nge7 5. c4 O-O 6. O-O d6 7. a3 f5 8. e3 a5
9. Nc3 Ba7 10. Rb1 Ng6 11. Ne2 Be6 12. Qc2 d5 13. cxd5 Bxd5 14. e4 fxe4 15.
dxe4 Be6 16. Ng5 Qf6 17. Nxe6 Qxe6 18. Qc3 Nd4 19. Nxd4 Bxd4 20. Qe1 Qb6 21.
Be3 Rad8 22. Bxd4 Rxd4 23. Qe2 Rfd8 24. Rfd1 Qd6 25. Rdc1 c6 26. Qe3 Nf8 27.
Qb3+ Kh8 28. Qxb7 c5 29. Qb5 Ne6 30. Qxa5 Rd2 31. b4 Qd4 32. Rf1 Rf8 33. Kh1
Rfxf2 34. Qa8+ Nd8 35. bxc5 h6 36. Rb8 Kh7 37. Rxd8 Rxf1+ 38. Bxf1 Qxd8 39.
Qxd8 Rxd8 40. c6 Ra8 41. Bh3 Ra7 42. Bc8 Rxa3 43. Bf5+ g6 44. c7 gxf5 45. c8=Q
fxe4 46. Qf5+ Kg8 47. Qg6+ Kh8 1-0

[Event "25. Copenhagen Open  (Politiken Cup)"]
[Site "Copenhagen"]
[Date "2003.07.23"]
[Round "9"]
[White "Edvardsen, Ragnar"]
[Black "Schjelderup, Nils-Jakob"]
[Result "0-1"]
[WhiteElo "2092"]
[BlackElo "1587"]
[PlyCount "90"]
[EventDate "2003.07.14"]
[EventType "swiss"]
[EventRounds "11"]
[EventCountry "DEN"]
[SourceDate "2004.01.01"]

1. e4 c5 2. Nf3 d6 3. d4 cxd4 4. Nxd4 Nf6 5. Nc3 g6 6. Be3 Bg7 7. f3 O-O 8. Qd2
Nc6 9. Bc4 Bd7 10. O-O-O Ne5 11. Bb3 Qa5 12. Kb1 Rfc8 13. h4 Nc4 14. Bxc4 Rxc4
15. g4 Rac8 16. h5 Bxg4 17. hxg6 fxg6 18. Nb3 Qe5 19. Bf4 Qe6 20. fxg4 Rxc3 21.
Nd4 Qf7 22. bxc3 Nxe4 23. Qe3 Nxc3+ 24. Kc1 e5 25. Rdf1 exd4 26. Qd3 Nxa2+ 27.
Kd2 Rc3 28. Qb5 a6 29. Qa5 Rc8 30. Qa3 Nc3 31. Qb3 d5 32. Qb6 Qd7 33. Rhg1 Rc6
34. Qb3 Ne4+ 35. Kd1 Rc3 36. Qb4 d3 37. cxd3 Rxd3+ 38. Ke2 Bc3 39. Qb6 Bd4 40.
Qc7 Re3+ 41. Bxe3 Qxc7 42. Bxd4 Qc2+ 43. Kf3 Nd2+ 44. Ke3 Nxf1+ 45. Rxf1 Qe4+
0-1

[Event "25. Copenhagen Open  (Politiken Cup)"]
[Site "Copenhagen"]
[Date "2003.07.23"]
[Round "9"]
[White "Edvardsson, Hannu Kalervo"]
[Black "Hein, Jacob"]
[Result "1/2-1/2"]
[WhiteElo "1325"]
[BlackElo "1220"]
[PlyCount "44"]
[EventDate "2003.07.14"]
[EventType "swiss"]
[EventRounds "11"]
[EventCountry "DEN"]
[SourceDate "2004.01.01"]

1. e4 e5 2. c4 Bc5 3. Nf3 Nc6 4. Be2 Nd4 5. Nxd4 Bxd4 6. Na3 Qh4 7. O-O h5 8.
Nc2 Bb6 9. d3 Nf6 10. Be3 Ng4 11. h3 Bxe3 12. Nxe3 d6 13. Nxg4 hxg4 14. Bxg4
Bxg4 15. Qxg4 Qxg4 16. hxg4 O-O-O 17. g3 g6 18. Kg2 Rhf8 19. f3 f5 20. gxf5
gxf5 21. exf5 Rxf5 22. Rf2 Kd7 1/2-1/2

[Event "25. Copenhagen Open  (Politiken Cup)"]
[Site "Copenhagen"]
[Date "2003.07.23"]
[Round "9"]
[White "Fogh, Jens Olaf Svanholm"]
[Black "Christensen, Jens"]
[Result "1-0"]
[WhiteElo "1568"]
[BlackElo "1300"]
[PlyCount "27"]
[EventDate "2003.07.14"]
[EventType "swiss"]
[EventRounds "11"]
[EventCountry "DEN"]
[SourceDate "2004.01.01"]

1. e4 c6 2. Nc3 d5 3. Nf3 dxe4 4. Nxe4 Bf5 5. Ng3 Bg6 6. h4 h6 7. Ne5 Bh7 8.
Qf3 Nf6 9. Qb3 e6 10. Qxb7 Nbd7 11. Nxc6 Qc8 12. Ba6 Nb6 13. Qxc8+ Nxc8 14. Bb7
1-0

[Event "25. Copenhagen Open  (Politiken Cup)"]
[Site "Copenhagen"]
[Date "2003.07.23"]
[Round "9"]
[White "Frank Nielsen, Marie"]
[Black "Egeland, Marte"]
[Result "1/2-1/2"]
[WhiteElo "1629"]
[BlackElo "1990"]
[PlyCount "33"]
[EventDate "2003.07.14"]
[EventType "swiss"]
[EventRounds "11"]
[EventCountry "DEN"]
[SourceDate "2004.01.01"]

1. e4 d5 2. exd5 Nf6 3. d4 Nxd5 4. Bc4 Bf5 5. Qf3 e6 6. c3 Be7 7. Ne2 c6 8. Nd2
Nd7 9. Ng3 Bg6 10. Bb3 N7f6 11. Nde4 Nxe4 12. Nxe4 Nf6 13. Ng3 Nd5 14. Ne2 O-O
15. Nf4 Nxf4 16. Bxf4 Bd6 17. Bxd6 1/2-1/2

[Event "25. Copenhagen Open  (Politiken Cup)"]
[Site "Copenhagen"]
[Date "2003.07.23"]
[Round "9"]
[White "Glud, Jakob Vang"]
[Black "Christensen, Bo Garner"]
[Result "1/2-1/2"]
[WhiteElo "2173"]
[BlackElo "2273"]
[PlyCount "123"]
[EventDate "2003.07.14"]
[EventType "swiss"]
[EventRounds "11"]
[EventCountry "DEN"]
[SourceDate "2004.01.01"]

1. e4 c5 2. Nf3 d6 3. d4 cxd4 4. Nxd4 Nf6 5. Nc3 a6 6. Bg5 e6 7. f4 Be7 8. Qf3
Qc7 9. O-O-O Nbd7 10. g4 b5 11. Bxf6 Nxf6 12. g5 Nd7 13. f5 Bxg5+ 14. Kb1 Ne5
15. Qh5 Qe7 16. fxe6 g6 17. exf7+ Kxf7 18. Qe2 Bg4 19. Qf2+ Kg7 20. Be2 Bxe2
21. Qxe2 Rhe8 22. Rhg1 Kh8 23. Nd5 Qd8 24. Qg2 Bh6 25. h4 Qxh4 26. Nc7 Rac8 27.
Nxe8 Rxe8 28. Rh1 Qg5 29. Qh3 Ng4 30. Rdg1 Rxe4 31. Nf3 Qh5 32. Qxh5 gxh5 33.
Rxh5 Be3 34. Re1 Nf6 35. Rh3 d5 36. c3 h5 37. Kc2 Kg7 38. Nd2 Bxd2 39. Kxd2 Kg6
40. Rxe4 dxe4 41. b3 Kf5 42. c4 Kg4 43. Rh1 bxc4 44. bxc4 h4 45. Rf1 Nd7 46.
Ke3 h3 47. Kxe4 h2 48. Kd5 Kg3 49. Kd6 Nf6 50. Rh1 a5 51. Kc6 Ne4 52. Kb6 a4
53. a3 Kg2 54. Rxh2+ Kxh2 55. Ka5 Kg3 56. Kxa4 Kf4 57. Kb5 Ke5 58. c5 Kd5 59.
c6 Nd6+ 60. Kb6 Nc4+ 61. Kb7 Na5+ 62. Kb6 1/2-1/2

[Event "25. Copenhagen Open  (Politiken Cup)"]
[Site "Copenhagen"]
[Date "2003.07.23"]
[Round "9"]
[White "Greger, Roland Reinhard"]
[Black "Lonborg, Morten"]
[Result "1/2-1/2"]
[WhiteElo "2342"]
[BlackElo "2185"]
[PlyCount "26"]
[EventDate "2003.07.14"]
[EventType "swiss"]
[EventRounds "11"]
[EventCountry "DEN"]
[SourceDate "2004.01.01"]

1. e4 c5 2. Nf3 d6 3. d4 cxd4 4. Nxd4 Nf6 5. Nc3 a6 6. a4 e5 7. Nf3 Qc7 8. Bg5
Nbd7 9. Bd3 Be7 10. O-O h6 11. Be3 Nb6 12. Nd2 Be6 13. a5 Nbd7 1/2-1/2

[Event "25. Copenhagen Open  (Politiken Cup)"]
[Site "Copenhagen"]
[Date "2003.07.23"]
[Round "9"]
[White "Gregusson, Magnus Albert"]
[Black "Petersen, Nils"]
[Result "0-1"]
[WhiteElo "1500"]
[BlackElo "2009"]
[PlyCount "126"]
[EventDate "2003.07.14"]
[EventType "swiss"]
[EventRounds "11"]
[EventCountry "DEN"]
[SourceDate "2004.01.01"]

1. b3 e5 2. Bb2 Nc6 3. Nf3 d6 4. e3 Nf6 5. Be2 Be7 6. d3 O-O 7. Nbd2 a5 8. a3
h6 9. O-O Be6 10. d4 e4 11. Ne1 d5 12. c4 Nb8 13. c5 Na6 14. Nc2 c6 15. b4 b5
16. bxa5 Qxa5 17. f4 exf3 18. Nxf3 Nb8 19. Ne5 Nfd7 20. Nxd7 Nxd7 21. Nb4 Nb8
22. Bd3 Qc7 23. Bc2 f5 24. Qf3 Rf6 25. a4 Qb7 26. axb5 Rxa1 27. Rxa1 Qxb5 28.
Bc3 Qb7 29. Bd3 Rf8 30. Qg3 Bc8 31. Rb1 Qa7 32. Qe1 Qc7 33. Ra1 Nd7 34. Qg3
Qxg3 35. hxg3 Nb8 36. Ra8 Bd7 37. Ra7 Bg5 38. Kf2 Re8 39. Bd2 h5 40. Na6 Nxa6
41. Rxd7 Nb8 42. Rb7 g6 43. Bc2 Kf8 44. Ba4 Bf6 45. Rb6 Rc8 46. Rxb8 Rxb8 47.
Bxc6 Rb2 48. Ke2 Bd8 49. Bxd5 Ba5 50. Kd3 Bxd2 51. c6 Ba5 52. Kc4 Bc7 53. Bf3
Bxg3 54. e4 fxe4 55. Bxe4 g5 56. d5 Bd6 57. Kc3 Rb8 58. Bf5 Kg7 59. Kc4 Kf6 60.
Bd3 Ke5 61. Bg6 h4 62. Bh5 Kf4 63. c7 Rc8 0-1

[Event "25. Copenhagen Open  (Politiken Cup)"]
[Site "Copenhagen"]
[Date "2003.07.23"]
[Round "9"]
[White "Grove, Peter"]
[Black "Madsen, Gert Medom"]
[Result "0-1"]
[WhiteElo "1577"]
[BlackElo "1734"]
[PlyCount "138"]
[EventDate "2003.07.14"]
[EventType "swiss"]
[EventRounds "11"]
[EventCountry "DEN"]
[SourceDate "2004.01.01"]

1. e4 c5 2. Nf3 Nc6 3. d4 cxd4 4. Nxd4 Nf6 5. Nc3 d6 6. f3 g6 7. Be3 Bg7 8. Qd2
Bd7 9. O-O-O Rc8 10. Kb1 a6 11. g4 Ne5 12. h4 Bxg4 13. fxg4 Nexg4 14. Bg5 Rxc3
15. Bxf6 Bxf6 16. Qxc3 Nf2 17. Bc4 Nxd1 18. Rxd1 O-O 19. Qg3 Qb6 20. c3 Rc8 21.
Bb3 Qc5 22. Nc2 Qa5 23. Rd5 Rc5 24. Nb4 Qb5 25. Nd3 Rxd5 26. exd5 Bxh4 27. Qh3
Bf6 28. c4 Qb6 29. c5 Qb5 30. Kc2 dxc5 31. Qc8+ Kg7 32. Qxc5 Qd7 33. Qe3 Qc7+
34. Qc5 Qd7 35. Qe3 Qc7+ 36. Kd2 Qh2+ 37. Kc1 h6 38. Qf2 Qh1+ 39. Kc2 h5 40.
Nc5 Qa1 41. Nd3 h4 42. Qg2 b5 43. d6 exd6 44. Qd5 Qf1 45. Qxf7+ Kh6 46. Qf8+
Kg5 47. Qxd6 Qe2+ 48. Kb1 Qf1+ 49. Nc1 Qf2 50. Bc2 Kg4 51. Qd5 g5 52. Bd1+ Kg3
53. Ne2+ Kh2 54. Qe6 Kg2 55. Qe4+ Kh2 56. Qd3 g4 57. Bb3 Bg5 58. Bd5 Qf1+ 59.
Kc2 g3 60. Nxg3 Qxd3+ 61. Kxd3 hxg3 62. b3 b4 63. Kd4 g2 64. Bxg2 Kxg2 65. Kc5
Be7+ 66. Kb6 Kf2 67. Kxa6 Ke2 68. Kb5 Kd3 69. a4 bxa3 0-1

[Event "25. Copenhagen Open  (Politiken Cup)"]
[Site "Copenhagen"]
[Date "2003.07.23"]
[Round "9"]
[White "Grubert, Christian"]
[Black "Marder, Simon"]
[Result "1/2-1/2"]
[WhiteElo "2168"]
[BlackElo "2067"]
[PlyCount "59"]
[EventDate "2003.07.14"]
[EventType "swiss"]
[EventRounds "11"]
[EventCountry "DEN"]
[SourceDate "2004.01.01"]

1. e4 d5 2. Nc3 d4 3. Nce2 e5 4. d3 c5 5. g3 Nc6 6. Bg2 g5 7. Nf3 h6 8. O-O Bd6
9. c3 Nge7 10. cxd4 cxd4 11. Bd2 Ng6 12. Rb1 Be6 13. a3 a5 14. b4 axb4 15. axb4
b5 16. Qc2 Kd7 17. Nc1 Qe7 18. Nb3 Nxb4 19. Bxb4 Bxb4 20. Nbxd4 exd4 21. Nxd4
Rhc8 22. Qb2 Ra4 23. Nxb5 Qc5 24. Nd4 Qc3 25. Qxc3 Rxc3 26. Nxe6 fxe6 27. d4
Rc2 28. Rb3 Bc3 29. Rb7+ Kc8 30. Rg7 1/2-1/2

[Event "25. Copenhagen Open  (Politiken Cup)"]
[Site "Copenhagen"]
[Date "2003.07.23"]
[Round "9"]
[White "Hagesaether, Arne"]
[Black "Ostergaard, Rasmus"]
[Result "1/2-1/2"]
[WhiteElo "2088"]
[BlackElo "2166"]
[PlyCount "73"]
[EventDate "2003.07.14"]
[EventType "swiss"]
[EventRounds "11"]
[EventCountry "DEN"]
[SourceDate "2004.01.01"]

1. e4 e5 2. Nf3 Nc6 3. Bb5 a6 4. Ba4 Nf6 5. O-O b5 6. Bb3 d6 7. c3 Be7 8. h3
O-O 9. Re1 Nd7 10. d4 Bf6 11. a4 Bb7 12. Na3 exd4 13. cxd4 Re8 14. axb5 axb5
15. Bf4 b4 16. Nb5 Na5 17. Bc2 Bc6 18. Qd3 b3 19. Bb1 Qb8 20. e5 g6 21. Nxc7
Qxc7 22. exf6 Nxf6 23. Rxe8+ Nxe8 24. d5 Bd7 25. Nd4 Rb8 26. Bd2 Nc4 27. Bc3
Qc5 28. Qe4 Ne5 29. Ra5 Qb6 30. Qh4 Rc8 31. Ra3 Nc7 32. Rxb3 Qc5 33. f4 Nxd5
34. fxe5 dxe5 35. Bd2 Qxd4+ 36. Qxd4 exd4 37. Rf3 1/2-1/2

[Event "25. Copenhagen Open  (Politiken Cup)"]
[Site "Copenhagen"]
[Date "2003.07.23"]
[Round "9"]
[White "Hagesaether, Torill"]
[Black "Nielsen, Palle"]
[Result "1-0"]
[WhiteElo "2051"]
[BlackElo "1650"]
[PlyCount "67"]
[EventDate "2003.07.14"]
[EventType "swiss"]
[EventRounds "11"]
[EventCountry "DEN"]
[SourceDate "2004.01.01"]

1. e4 e5 2. d4 exd4 3. c3 Nc6 4. Bc4 Nf6 5. cxd4 Bb4+ 6. Bd2 Bxd2+ 7. Nxd2 Qe7
8. Ngf3 d5 9. Bb5 O-O 10. e5 Bg4 11. Bxc6 bxc6 12. O-O Ne4 13. Qc2 Nxd2 14.
Nxd2 Qg5 15. f4 Qh6 16. Rac1 Bd7 17. Nb3 Rfb8 18. Nc5 Bc8 19. b3 Rb4 20. Qf2 a5
21. Rc3 g6 22. Rfc1 Qf8 23. Nd3 Rb6 24. Rxc6 Rxc6 25. Rxc6 a4 26. b4 Ba6 27.
Nc5 Bb5 28. Rf6 Qe7 29. a3 Re8 30. Qh4 Kg7 31. Qg4 Kg8 32. h4 h5 33. Qg5 Bd7
34. f5 1-0

[Event "25. Copenhagen Open  (Politiken Cup)"]
[Site "Copenhagen"]
[Date "2003.07.23"]
[Round "9"]
[White "Hansen, Alexei"]
[Black "Liden, Jimmy"]
[Result "1-0"]
[WhiteElo "1973"]
[BlackElo "1530"]
[PlyCount "43"]
[EventDate "2003.07.14"]
[EventType "swiss"]
[EventRounds "11"]
[EventCountry "DEN"]
[SourceDate "2004.01.01"]

1. e4 c5 2. Nf3 e6 3. d4 cxd4 4. Nxd4 Nc6 5. Nc3 a6 6. Be2 Nf6 7. Nxc6 bxc6 8.
e5 Nd5 9. Ne4 Qc7 10. Nd6+ Bxd6 11. exd6 Qd8 12. O-O O-O 13. c4 Nb6 14. Be3 Rb8
15. Qb3 Rb7 16. Qa3 Rb8 17. Qa5 f5 18. f4 Kf7 19. Rf3 h6 20. Rg3 g6 21. Bd4 Rg8
22. Rb3 1-0

[Event "25. Copenhagen Open  (Politiken Cup)"]
[Site "Copenhagen"]
[Date "2003.07.23"]
[Round "9"]
[White "Hansen, Anders"]
[Black "Tidman, Sophie E"]
[Result "1-0"]
[WhiteElo "2044"]
[BlackElo "2126"]
[PlyCount "79"]
[EventDate "2003.07.14"]
[EventType "swiss"]
[EventRounds "11"]
[EventCountry "DEN"]
[SourceDate "2004.01.01"]

1. d4 Nf6 2. c4 e6 3. Nf3 c5 4. d5 exd5 5. cxd5 d6 6. Nc3 g6 7. e4 Bg7 8. h3
O-O 9. Bd3 b5 10. O-O b4 11. Na4 Ba6 12. Re1 Re8 13. a3 Bxd3 14. Qxd3 a5 15.
Bf4 Na6 16. Rab1 Nh5 17. Bh2 Qc7 18. Nd2 Be5 19. Nc4 Bxh2+ 20. Kxh2 Rad8 21. g3
Nb8 22. Nab6 Ng7 23. Rbd1 f5 24. e5 dxe5 25. d6 Qb7 26. Rxe5 Nd7 27. Re7 f4 28.
Qd5+ Qxd5 29. Nxd5 fxg3+ 30. fxg3 Rf8 31. g4 a4 32. Kg3 Ne8 33. Nc7 Ng7 34.
Rde1 bxa3 35. bxa3 Rf6 36. Ne8 Nxe8 37. Rxe8+ Rf8 38. R8e7 Nf6 39. Ra7 Ra8 40.
Ree7 {Tid} 1-0

[Event "25. Copenhagen Open  (Politiken Cup)"]
[Site "Copenhagen"]
[Date "2003.07.23"]
[Round "9"]
[White "Hansen, Ejlif Trier"]
[Black "Jensen, Alexander Lindberg"]
[Result "1/2-1/2"]
[WhiteElo "1291"]
[BlackElo "1539"]
[PlyCount "60"]
[EventDate "2003.07.14"]
[EventType "swiss"]
[EventRounds "11"]
[EventCountry "DEN"]
[SourceDate "2004.01.01"]

1. d4 d5 2. Nf3 Nf6 3. c4 c6 4. Nc3 e6 5. e3 Nbd7 6. Bd3 dxc4 7. Bxc4 Nb6 8.
Bb3 Bb4 9. a3 Ba5 10. O-O Bd7 11. Ba2 Nbd5 12. Na4 Ne4 13. Qc2 Ndf6 14. b4 Bc7
15. Bb2 b5 16. Nc5 Nxc5 17. dxc5 Qe7 18. h3 O-O 19. Rad1 Rfd8 20. Bb1 e5 21.
Ng5 h6 22. Ne4 Nxe4 23. Qxe4 f5 24. Qc2 a5 25. e4 f4 26. f3 axb4 27. axb4 Be6
28. Rxd8+ Rxd8 29. Rd1 Rd7 30. Bc3 Bc4 1/2-1/2

[Event "25. Copenhagen Open  (Politiken Cup)"]
[Site "Copenhagen"]
[Date "2003.07.23"]
[Round "9"]
[White "Hansen, Rene Rauer"]
[Black "Petersen, Peter Birk"]
[Result "0-1"]
[WhiteElo "2055"]
[BlackElo "2221"]
[PlyCount "136"]
[EventDate "2003.07.14"]
[EventType "swiss"]
[EventRounds "11"]
[EventCountry "DEN"]
[SourceDate "2004.01.01"]

1. d4 Nf6 2. c4 e6 3. Nc3 Bb4 4. e3 c5 5. Nge2 cxd4 6. exd4 d5 7. a3 Be7 8. c5
b6 9. cxb6 Qxb6 10. Nf4 Nc6 11. Bb5 O-O 12. Bxc6 Qxc6 13. O-O Ne4 14. Nxe4 dxe4
15. d5 exd5 16. Qxd5 Bb7 17. Qxc6 Bxc6 18. Bd2 Bg5 19. Rfc1 Rac8 20. Rc5 Be7
21. Ra5 Rfd8 22. Bc3 Rd7 23. Re1 h6 24. h3 Ba8 25. Nh5 Bd8 26. Ra4 f5 27. Bxg7
Rxg7 28. Nxg7 Kxg7 29. Rxa7+ Kg6 30. Rd1 Bg5 31. g4 Bf4 32. gxf5+ Kxf5 33. Ra5+
Ke6 34. Ra6+ Kf5 35. Ra5+ Be5 36. b4 Kf4 37. b5 Bb7 38. Ra7 Rg8+ 39. Kf1 Rg7
40. Ke2 Bc6 41. Rxg7 Bxb5+ 42. Kd2 Bxg7 43. Rb1 Bd3 44. Rb7 Bd4 45. Rf7+ Kg5
46. f4+ Kh4 47. Rd7 Bc5 48. a4 Bc4 49. Rc7 e3+ 50. Kc3 e2 51. Rxc5 e1=Q+ 52.
Kxc4 Kxh3 53. Rh5+ Kg4 54. Rxh6 Qe4+ 55. Kb5 Qf5+ 56. Kc6 Qxf4 57. Rd6 Qxa4+
58. Kc5 Kf5 59. Kd5 Qe4+ 60. Kc5 Ke5 61. Rc6 Qd4+ 62. Kb5 Kd5 63. Rc8 Qb2+ 64.
Ka5 Qa3+ 65. Kb5 Qb3+ 66. Ka5 Kd6 67. Ka6 Qb4 68. Rd8+ Kc7 0-1

[Event "25. Copenhagen Open  (Politiken Cup)"]
[Site "Copenhagen"]
[Date "2003.07.23"]
[Round "9"]
[White "Hanssen, Gunnar Berg"]
[Black "Stolberg-Rohr, Thomine"]
[Result "1-0"]
[WhiteElo "2280"]
[BlackElo "1773"]
[PlyCount "41"]
[EventDate "2003.07.14"]
[EventType "swiss"]
[EventRounds "11"]
[EventCountry "DEN"]
[SourceDate "2004.01.01"]

1. Nf3 g6 2. d4 Bg7 3. c4 d6 4. g3 Nc6 5. d5 Nb8 6. Bg2 Nf6 7. O-O O-O 8. Nc3
Bd7 9. h3 c6 10. e4 cxd5 11. cxd5 Na6 12. Be3 Rc8 13. Nd4 Qa5 14. a3 Rc4 15.
Qd2 Rfc8 16. Rfc1 Ne8 17. Bf1 R4c7 18. b4 Nxb4 19. Nb3 Bxc3 20. Rxc3 Qa4 21.
Rxc7 1-0